| 000 | 01221nam a22003137a 4500 | ||
|---|---|---|---|
| 003 | OSt | ||
| 005 | 20250822125410.0 | ||
| 008 | 250710b |||||||| |||| 00| 0 eng d | ||
| 020 | _a9780323356985 (Hardcover) | ||
| 024 |
_a9780323356985 _dvolume 3 |
||
| 040 |
_aNUST _beng _cNUST _dNUST _erda |
||
| 050 | _aRD118 PLA | ||
| 245 |
_aPlastic surgery : _bcraniofacial, head and neck surgery, and pediatric surgery, volume 3 / _cedited by Eduardo D. Rodriquez, Joseph E. Losee, Peter C. Neligan and Daniel Z. Liu |
||
| 250 | _aFourth edition. | ||
| 260 |
_aLondon : _bElsevier, _c©2018. |
||
| 300 |
_axxxix, 994 pages : _bIllustrations ; _c28 cm. |
||
| 336 |
_2rdacontent _atext _btxt |
||
| 337 |
_2rdamedia _aunmediated _bn |
||
| 338 |
_2rdacarrier _avolume _bnc |
||
| 504 | _aIncludes bibliographical references and index. | ||
| 650 |
_aPlastic surgery _xReparative surgery. |
||
| 650 |
_aPlastic Surgery _xProcedures. |
||
| 650 | _aSurgery, Plastic. | ||
| 700 |
_aRodriguez, D. Edwardo _eEditor |
||
| 700 |
_aLosee, E. Joseph _eEditor |
||
| 700 |
_aNeligan, Peter C. _eEditor -in- Chief |
||
| 700 |
_aLiu, Z. Daniel _eMultimedia editor |
||
| 942 |
_2lcc _cBOOKS _eFourth edition. _hRD118 PLA _kRD _mPLA _n0 |
||
| 999 |
_c172221 _d172221 |
||